| 000 | 01611cam a22003857a 4500 | ||
|---|---|---|---|
| 001 | 28447 | ||
| 005 | 20230410142343.0 | ||
| 008 | 980316s1992 pn b 100 0 spa d | ||
| 035 | _a(DLC) 98126470 | ||
| 035 | _a156709 | ||
| 942 |
_2lcc _cbk |
||
| 010 | _a98126470 | ||
| 020 | _a1558151958 | ||
| 035 | _a(CSt)notisAMD5238 | ||
| 035 | _a(OCoLC)27251600 | ||
| 035 | _a(CStRLIN)CSUGAMD5238-B | ||
| 040 |
_aGZM _cGZM _dAUM _dNYP _dCSt _dDLC |
||
| 042 | _alccopycat | ||
| 050 | 1 | 4 |
_aBX 1753 _bD637 1992 |
| 245 | 0 | 0 |
_aDoctrina social de la Iglesia y economía para el desarrollo / _ceditado por Oscar Andrés Rodríguez, Nicolás Ardito Barletta, Rolf Lüders Sch. |
| 250 | _a[2a ed.]. | ||
| 260 |
_aPanamá : _bCentro Internacional para el Desarrollo Económico, _c1992. |
||
| 300 |
_a276 p. ; _c23 cm. |
||
| 500 | _a"Ponencias presentadas en la Conferencia 'La Doctrina Social de la Iglesia y la Política Económica para el Desarrollo' efectuada en Santo Domingo en abril 10-12, 1991"--P. 7. | ||
| 504 | _aIncludes bibliographical references. | ||
| 650 | 0 |
_aChristian sociology _xCatholic Church _vCongresses. |
|
| 650 | 0 |
_aEconomics _xReligious aspects _xCatholic Church _vCongresses. |
|
| 700 | 1 | _aRodríguez, Oscar Andrés. | |
| 700 | 2 | _aArdito Barletta, Nicolás. | |
| 700 | 2 | _aLuders Schwarzenberg, Rolf. | |
| 710 | 2 | 2 |
_aCatholic Church. _bPope (1978-2005 : John Paul II). _tCentesimus annus. _lSpanish. |
| 711 | 2 |
_aConferencia "La Doctrina Social de la Iglesia y la Política Económica para el Desarrollo" _d(1991 : _cSanto Domingo, Dominican Republic) |
|
| 922 | _aad | ||
| 985 | _eGAP | ||
| 999 |
_c94143 _d94143 |
||